[Event "Dubai op-B 23rd"]
[Site "Dubai"]
[Date "2023.05.30"]
[Round "4"]
[White "Musallam Salim, Al Aamri"]
[Black "Al Namas, Kanan"]
[Result "0-1"]
[WhiteElo "1743"]
[BlackElo "1526"]
[PlyCount "76"]
[EventDate "2023.05.27"]
[EventType "swiss"]
[EventRounds "9"]
[EventCountry "UAE"]
[SourceTitle "CBM 214 Extra"]
[Source "ChessBase"]
[SourceDate "2023.07.31"]
[SourceVersion "1"]
[SourceVersionDate "2023.07.31"]
[SourceQuality "1"]

1. e4 c6 2. d4 d5 3. Nc3 dxe4 4. Nxe4 Nf6 5. Nxf6+ exf6 6. Nf3 Bd6 7. Bd3 Be6 8. c3 0-0 9. Qc2 h6 10. Be3 Qa5 11. h3 Re8 12. 0-0 Nd7 13. Nh2 Qc7 14. Nf3 b5 15. Qd2 f5 16. Bxh6 gxh6 17. Qxh6 Bf4 18. Qh4 Kg7 19. g3 Bh6 20. Rfe1 Qd8 21. Qh5 Nf6 22. Qh4 Bd5 23. Ne5 Ne4 24. Qh5 Qg5 25. Qxg5+ Bxg5 26. a4 a6 27. Nd7 Bb3 28. h4 Bf6 29. Kg2 Rad8 30. Nxf6 Kxf6 31. axb5 axb5 32. g4 fxg4 33. Bxe4 Rxe4 34. Rxe4 Bd5 35. Rae1 Re8 36. f3 gxf3+ 37. Kxf3 Kf5 38. Kg3 Rxe4 0-1

[Event "Sharjah Rapid op 27th"]
[Site "Sharjah"]
[Date "2022.04.06"]
[Round "5"]
[White "Miladinovic, Igor"]
[Black "Al Namas, Kanan"]
[Result "1-0"]
[WhiteElo "2509"]
[BlackElo "1516"]
[PlyCount "73"]
[EventDate "2022.04.06"]
[EventType "swiss (rapid)"]
[EventRounds "9"]
[EventCountry "UAE"]
[SourceTitle "CBM 207 Extra"]
[Source "ChessBase"]
[SourceDate "2022.05.31"]
[SourceVersion "1"]
[SourceVersionDate "2022.05.31"]
[SourceQuality "1"]

1. d4 Nf6 2. Bg5 c5 3. dxc5 Qa5+ 4. Nd2 Qxc5 5. Bxf6 gxf6 6. c3 Nc6 7. g3 b5 8. Bg2 Bb7 9. Ngf3 Ne5 10. 0-0 Nxf3+ 11. Nxf3 h5 12. h4 Qb6 13. a4 a6 14. axb5 axb5 15. Qd4 Qc7 16. Rxa8+ Bxa8 17. Ra1 Bc6 18. Nd2 Bh6 19. Ra7 Qc8 20. Bxc6 Qxc6 21. Ne4 Rg8 22. Nc5 d6 23. Na6 Rg4 24. Qd3 Ra4 25. Ra8+ Qxa8 26. Nc7+ Kf8 27. Nxa8 Rxa8 28. Qxb5 Kg7 29. e3 Ra1+ 30. Kg2 Rc1 31. Qe2 f5 32. b4 Kg6 33. Qb2 Rd1 34. b5 Bg7 35. b6 Rd3 36. b7 Bxc3 37. Qb1 1-0